LEADER 04738nam 2200709 a 450 001 9910782777503321 005 20230721004231.0 010 $a1-282-19685-5 010 $a9786612196850 010 $a3-11-020749-4 024 7 $a10.1515/9783110207491 035 $a(CKB)1000000000691502 035 $a(EBL)364708 035 $a(OCoLC)437233369 035 $a(SSID)ssj0000212477 035 $a(PQKBManifestationID)11194513 035 $a(PQKBTitleCode)TC0000212477 035 $a(PQKBWorkID)10136823 035 $a(PQKB)10612806 035 $a(MiAaPQ)EBC364708 035 $a(DE-B1597)33399 035 $a(OCoLC)979599626 035 $a(DE-B1597)9783110207491 035 $a(Au-PeEL)EBL364708 035 $a(CaPaEBR)ebr10256659 035 $a(CaONFJC)MIL219685 035 $a(EXLCZ)991000000000691502 100 $a20070410d2007 uy 0 101 0 $aeng 135 $aurcn||||||||| 181 $ctxt 182 $cc 183 $acr 200 10$aNoun phrase in the generative perspective$b[electronic resource] /$fby Artemis Alexiadou, Liliane Haegeman, Melita Stavrou 210 $aBerlin ;$aNew York $cMouton de Gruyter$dc2007 215 $a1 online resource (687 p.) 225 1 $aStudies in generative grammar,$x0167-4331 ;$v71 300 $aDescription based upon print version of record. 311 $a3-11-017685-8 311 $a3-11-017684-X 320 $aIncludes bibliographical references (p. [617]-655) and indexes. 327 $tFront matter --$tContents --$tPreface --$tPart I. Introduction --$tPart II. The functional make up of the noun phrase --$tPart III. Modification relations inside the DP --$tPart IV. Dp-Internal Arguments --$tBackmatter 330 $aThe goal of this book is twofold. On the one hand we want to offer a discussion of some of the more important properties of the nominal projection, on the other hand we want to provide the reader with tools for syntactic analysis which apply to the structure of DP but which are also relevant for other domains of syntax. In order to achieve this dual goal we will discuss phenomena which are related to the nominal projection in relation to other syntactic phenomena (e.g. pro drop will be related to N-ellipsis, the classification of pronouns will be applied to the syntax of possessive pronouns, N-movement will be compared to V-movement, the syntax of the genitive construction will be related to that of predicate inversion etc.). In the various chapters we will show how recent theoretical proposals (distributed morphology, anti-symmetry, checking theory) can cast light on aspects of the syntax of the NP. When necessary, we will provide a brief introduction of these theoretical proposals. We will also indicate problems with these analyses, whether they be inherent to the theories as such (e.g. what is the trigger for movement in antisymmetric approaches) or to the particular instantiations. The book cannot and will not provide the definitive analysis of the syntax of noun phrases. We consider that this would not be possible, given the current flux in generative syntax, with many new theoretical proposals being developed and explored, but the book aims at giving the reader the tools with which to conduct research and to evaluate proposals in the literature. In the discussion of various issues, we will apply the framework that is most adequate to deal with problems at hand. We will therefore not necessarily use the same approach throughout the discussion. Though proposals in the literature will be referred to when relevant, we cannot attempt to provide a critical survey of the literature. We feel that such a survey would be guided too strongly by theoretical choices, which would not be compatible with the pedagogical purposes this book has. The book is comparative in its approach, and data from different languages will be examined, including English, German, Dutch (West-Flemish), Greek, Romance, Semitic, Slavic, Albanian, Hungarian, Gungbe. 410 0$aStudies in generative grammar ;$v71. 606 $aGrammar, Comparative and general$xNoun phrase 606 $aGrammar, Comparative and general$xSyntax 610 $aSyntax. 610 $agenerative syntax. 610 $anoun phrase. 615 0$aGrammar, Comparative and general$xNoun phrase. 615 0$aGrammar, Comparative and general$xSyntax. 676 $a415 700 $aAlexiadou$b Artemis$0165117 701 $aHaegeman$b Liliane M. V$0903390 701 $aStavrou$b Melita$01473196 801 0$bMiAaPQ 801 1$bMiAaPQ 801 2$bMiAaPQ 906 $aBOOK 912 $a9910782777503321 996 $aNoun phrase in the generative perspective$93804068 997 $aUNINA LEADER 04441oam 2200997 c 450 001 9911026124103321 005 20260302090207.0 010 $a9783739882086$b(electronic bk.) 010 $z9783739832081 024 3 $a9783739882086 035 $a(MiAaPQ)EBC6991421 035 $a(Au-PeEL)EBL6991421 035 $a(CKB)22442065600041 035 $a(NjHacI)9922442065600041 035 $a(OCoLC)1321802090 035 $a(UVK Verlag)9783739882086 035 $a(Narr)9783739882086 035 $a(EXLCZ)9922442065600041 100 $a20260302d2022 uy 0 101 0 $ager 135 $aurcnu|||||||| 181 $ctxt$2rdacontent 182 $cc$2rdamedia 183 $acr$2rdacarrier 200 10$aUrsachen sportlicher und wirtschaftlicher Krisen in professionellen Fußballorganisationen $eEine Analyse der höchsten deutschen Spielklassen zwischen 1990 und 2018 /$fSebastian Faulstich 205 $a1st ed. 210 $aTübingen$cUVK Verlag$d2022 215 $a1 online resource (475 pages) 300 $a[1. Auflage] 311 08$aPrint version: Faulstich, Sebastian Ursachen sportlicher und wirtschaftlicher Krisen in professionellen Fußballorganisationen Tübingen : UVK Verlagsgesellschaft mbH,c2022 9783739832081 327 $aTheoretischer Teil 1 Fragestellung und Relevanz 2 Untersuchungsdesign 3 Erfolgsfaktoren in Unternehmen 4 Unternehmenskrisen 5 Funktionsweise von Sportligen und Profisportteams 6 Erfolgsfaktoren und Krisenursachen im Teamsport 7 Verknüpfung der Krisenursachen in Wirtschaftsunternehmen und Sportorganisationen 8 Erweiterter Forschungsstand krisenrelevanter Unternehmensbereiche Empirischer Teil 9 Methodik der empirischen Studie 10 Ergebnisse der Experteninterviews 11 Ergebnisse des Bewertungsbogens 12 Gesamtzusammenfassung 330 $aProfifußball ist ein komplexes Phänomen mit vielfältigen Wechselwirkungen zwischen sportlichen und wirtschaftlichen Faktoren, weswegen einige Klubs trotz der erheblichen Umsätze immer wieder in sportliche und wirtschaftliche Krisen geraten. Welche Faktoren für diese Krisen ausschlaggebend sind und durch welche Faktoren langfristiger Erfolg generiert werden kann, wird in diesem Werk erforscht. Dazu stellt der Autor eine Vielzahl wirtschaftswissenschaftlicher Ansätze zur Erforschung von Erfolgsfaktoren und Krisenursachen in Unternehmen und Sportorganisationen vor und prüft diese anschließend an realen Fällen. Das Buch schließt mit Hypothesen und Handlungsempfehlungen zur Krisenprävention. Das Buch richtet sich gleichwohl an Forschende und Praktiker:innen und beleuchtet ein bis dato wenig beachtetes Thema, das infolge der Diskussionen um die Super-League und den Folgen der Pandemie zukünftig an Relevanz gewinnen wird. 606 $aSportsoziologie 606 $aFußballorganisationen 606 $aProfifußball 606 $aSportorganisationen 606 $aSportökonomie 606 $aProfisport 606 $aKrisenforschung 606 $aSuper-League 606 $aSpielklassen 606 $aExperteninterview 606 $aKrisenprävention 606 $aKrisenursache 606 $aFußball 606 $aPandemie 606 $aWirtschaftsunternehmen 606 $aProfisportteams 606 $aTeamsport 606 $aUnternehmenskrise 606 $aFußballorganisation 606 $aProfi 606 $aSpielklasse 606 $aSportliga 606 $aKlu 615 4$aSportsoziologie 615 4$aFußballorganisationen 615 4$aProfifußball 615 4$aSportorganisationen 615 4$aSportökonomie 615 4$aProfisport 615 4$aKrisenforschung 615 4$aSuper-League 615 4$aSpielklassen 615 4$aExperteninterview 615 4$aKrisenprävention 615 4$aKrisenursache 615 4$aFußball 615 4$aPandemie 615 4$aWirtschaftsunternehmen 615 4$aProfisportteams 615 4$aTeamsport 615 4$aUnternehmenskrise 615 4$aFußballorganisation 615 4$aProfi 615 4$aSpielklasse 615 4$aSportliga 615 4$aKlu 676 $a338.9 700 $aFaulstich$b Sebastian$4aut$01847303 801 0$bMiAaPQ 801 1$bMiAaPQ 801 2$bMiAaPQ 912 $a9911026124103321 996 $aUrsachen sportlicher und wirtschaftlicher Krisen in professionellen Fußballorganisationen$94432855 997 $aUNINA